000 00299nam a2200121Ia 4500
008 191201s2001 xx 000 0 und d
100 _aBHALLA,V K
245 0 _aInternational Business Environment and Management
260 _aN. Delhi
_bAnmol
_c2001
300 _a966
650 _aMBA
942 _2ddc
_cBK
999 _c169
_d169